| 000 | 00582nam a2200193Ia 4500 | ||
|---|---|---|---|
| 003 | LDD | ||
| 008 | 190117s9999 xx 000 0 und d | ||
| 020 |
_a9788126715848 _c₹200 |
||
| 040 | _cLDD | ||
| 041 | _ahi | ||
| 082 | _a8K3.7 मो6603ढो | ||
| 100 | _aमोइली, एम. वीरप्पा | ||
| 245 | 0 |
_aढोल _cएम. वीरप्पा मोइली |
|
| 260 |
_aनयी दिल्ली _bराजकमल प्रकाशन _c2008 |
||
| 300 | _a155पृ. | ||
| 901 | _aRTA | ||
| 904 | _aReqst by : Namita Satyin | ||
| 942 |
_2ddc _cH |
||
| 999 |
_c167425 _d167425 |
||